| 000 | 00891nam a2200241 a 4500 | ||
|---|---|---|---|
| 001 | 81613 | ||
| 003 | BD-RjUL | ||
| 005 | 20230730130339.0 | ||
| 008 | 230730r20231997bg ||||| |||| 00| 0 ben d | ||
| 020 | _a9789841106904 | ||
| 035 | _a(BD-RjUL)81613 | ||
| 040 |
_aBD-RjUL _beng _cBD-RjUL |
||
| 041 | _aben | ||
| 082 |
_223 _a891.441 _bAHP 2023 |
||
| 100 |
_aআহসান, সৈয়দ আলী _98139 |
||
| 245 |
_aপদ্মাবতী / _cসৈয়দ আলী আহসান |
||
| 250 | _a১ম পূর্ণাঙ্গ সং. | ||
| 260 |
_aঢাকা : _bআহমদ পাবলিশিং হাউস, _c১৯৯৭, [মুদ্রণ ২০২৩] |
||
| 300 |
_a২২৪ পৃ.; _c২৩ সেমি. |
||
| 650 |
_aবাংলা সাহিত্য _xকবিতা _98152 |
||
| 650 |
_aBengali literature _xPoetry _98153 |
||
| 942 |
_2ddc _cBK |
||
| 999 |
_c81613 _d81613 |
||